书目信息 |
| 题名: |
中草药家庭治疗
|
|
| 作者: | 张慧 编著 | |
| 分册: | 老年病 | |
| 出版信息: | 上海 上海远东出版社 2000 |
|
| 页数: | 205页 | |
| 开本: | 19cm | |
| 丛书名: | 东方保健系列 | |
| 单 册: | ||
| 中图分类: | R243 , R259.92 | |
| 科图分类: | ||
| 主题词: | 常见病--中药疗法 , 老年病--中药疗法 , 常见病 , 中药疗法 , 老年病 | |
| 电子资源: | ||
| ISBN: | 7-80661-226-2 | |
| 000 | 00876oam2 2200301 450 | |
| 001 | 1534062011 | |
| 005 | 20150131092812.04 | |
| 010 | @a7-80661-226-2@dCNY8.00 | |
| 100 | @a20010308d2000 em y0chiy0110 ea | |
| 101 | 0 | @achi |
| 102 | @aCN@b310000 | |
| 105 | @ay z 000yy | |
| 200 | 1 | @a中草药家庭治疗@9zhong cao yao jia ting zhi liao@i老年病@f张慧编著 |
| 210 | @a上海@c上海远东出版社@d2000 | |
| 215 | @a205页@d19cm | |
| 225 | 2 | @a东方保健系列 |
| 330 | @a本书内容包括:慢性支气管炎、心律失常、冠心病、慢性胃炎、老年人腹泻、慢性尿路感染、肩关节周围炎等, | |
| 461 | 0 | @12001 @a东方保健系列 |
| 606 | 0 | @a常见病@x中药疗法 |
| 606 | 0 | @a老年病@x中药疗法 |
| 606 | 0 | @a常见病 |
| 606 | 0 | @a中药疗法 |
| 606 | 0 | @a老年病 |
| 690 | @aR243@v5 | |
| 690 | @aR259.92@v5 | |
| 701 | 0 | @a张慧@9zhang hui@4编著 |
| 801 | 0 | @aCN@bTSSF@c20150131 |
| 905 | @aZUCC@dR243@eJY172 | |
| 中草药家庭治疗.老年病/张慧编著.-上海:上海远东出版社,2000 |
| 205页;19cm.-(东方保健系列) |
| ISBN 7-80661-226-2:CNY8.00 |
| 本书内容包括:慢性支气管炎、心律失常、冠心病、慢性胃炎、老年人腹泻、慢性尿路感染、肩关节周围炎等, |
| ● |
| 相关链接 |
|
|
|
|
正题名:中草药家庭治疗
索取号:R243/JY172
 
预约/预借
| 序号 | 登录号 | 条形码 | 馆藏地/架位号 | 状态 | 备注 |
| 1 | 7863097 | 278630974 | 学院路分馆/ [索取号:R243/JY172] | 在馆 | |
| 2 | 7863098 | 278630983 | 学院路分馆/ [索取号:R243/JY172] | 在馆 | |
| 3 | 7863099 | 278630992 | 学院路分馆/ [索取号:R243/JY172] | 在馆 | |
| 4 | 7863100 | 278631009 | 学院路分馆/ [索取号:R243/JY172] | 在馆 |